Регионална библиотека "Любен Каравелов" - Русе

Профсъюзите и творческата инициатива на масите (Запис номер 378553)

MARC детайли
000 -Лидер
Контролно поле с фиксирана дължина nam a22 a 4500
003 - Код на организацията, давaща контролен номер
Контролно поле BLK
005 - Дата и час на последна редакция
Контролно поле 20200803105505.0
008 - Елементи от данни с фиксирана дължина
fixed length control field 200311b bul|||||r ||||||| ||bul||
040 ## - Източник на каталожния запис
Идентификатор на билиотеката - собственик на записа BLK
041 ## - Код за език
Код за езика на текст/звукозапис или на отделно заглавие Български
Код за езика КДБФ Български
080 ## - УДК
Текстов определител УДК Труд. Работодател. Работник. Наука за труда. Икономика на труда. Организация на труда. Вж и 001.89;311;312;338.26/.28;349.2;351.83;368.4;316.6;614.8;658.3
УДК код - определител по УДК 331
УДК - код + определител 331
100 ## - Редна дума - Автор
Автор Прохоров, В.
Авторска отговорност Първи автор
R(LIN) 422621
139 ## - Редно поле
Редна дума Прохоров, В.
245 10 - Сведения за заглавието
Заглавие Профсъюзите и творческата инициатива на масите
Редно поле (дума) В. Прохоров; Прев. от рус. Катя Койчева.
257 ## - Страна на издаване
Страна на създаване/издаване България
260 ## - Област на издателските данни
Място на издаване, разпространение и проч. София
Име на издателя, разпространителя и проч. Профиздат
Година на издаване 1962
300 ## - Физическа характеристика
Страници 76 с.
Размери/Мащаб 18,5 см
380 ## - Жанр
Жанр Обществени науки
490 1# - СЕРИИ (Колекции)
Име на серия Библиотека Челен съветски опит
№: серия - 5
500 ## - Общи забележки
Забележка 5 100 тир.
650 #4 - Допълнително описание по предмет – тема
Основно описание – тема или топоним Профсъюзи - СССР - задачи и значение
9 (RLIN) 422622
653 #7 - Ключова дума – ненормативна
Ключова дума профсъюзно движение
9 (RLIN) 194825
700 1# - Други автори (авторска отговорност)
Лично име Койчева, Катя
Автороска отговорност (Описва отношението между автора и произведението) Прев. от рус.
9 (RLIN) 422623
852 ## - Местоположение
Форматна сигнатура Цб І 5378
Фондова буква Хранилище
999 ## - СИСТЕМНИ КОНТРОЛНИ НОМЕРА
Koha biblionumber 378553
Koha biblioitemnumber 378553
942 ## - АРТИКУЛИ
Вид на библиотечния материал Книги
Скрит в OPAC Не
Периодичен библиозапис Да
944 ## - СЪЗДАВАНЕ И РЕДАКЦИЯ на ЗАПИСА
Създаване/Редакция Създаване
Дата на регистрацията/редакция 2020-08-03
Служител, извършил регистрацията/редакцията Микаела Микова - Илиева
999 ## - СИСТЕМНИ КОНТРОЛНИ НОМЕРА
Koha biblioitemnumber 378553
999 ## - СИСТЕМНИ КОНТРОЛНИ НОМЕРА
Koha biblioitemnumber 412357
Наличности
Код за отписване Код за изгубен артикул Източник на класификационната схема Код за повреда Коз за рестрикции Код за отдаване Артикулен № Име на библиотеката - собственик Име на библиотеката, в която се намира в момента Статус (Текущо местоположение) Дата на вписване в системата Местоположение - отдел Цена в лева Инвентарен номер Систематично азбучна сигнатура Баркод Цена в евро Служебен тип на артикула
  Не е изгубен Universal Decimal Classification Не е повреден само за читалня ползва се в читалня 788216 Регионална библиотека "Любен Каравелов" Русе Регионална библиотека "Любен Каравелов" Русе Хранилище 2020-08-06 Хранилище 0.15 15174/62 Цб І 5378 900000027223 0.08 Книги
Vip Innovations Ltd, Rousse, Bulgaria 2025